Представление документа в формате MARC21

ПолеНазваниеЗначение
  Тип записи m
  Библиографический уровень m
001 Контрольный номер 7ab365bfe1ff4f7cbc43deb43db8936a
005 Дата корректировки 20260430104812.5
040 Источник каталогиз. __
b Код языка каталог. rus
041 Код языка издания 0_
a Код языка текста rus
080 Индекс УДК __
a Индекс УДК 37(06)
090 Шифры __
c Каталожный индекс 37(06)
x Авторский знак С 568
245 Заглавие 10
a Заглавие Современный учитель: профессиональная компетентность и социальная значимость
b Продолж. заглавия материалы ІV Международной научно-практической конференции (Донецк, 26 июня 2025 г.) : в 4 т.
c Ответственность Министерство науки и высшего образования Российской Федерации
c Ответственность Донецкий государственный университет
c Ответственность Сургутский государственный университет
c Ответственность Алтайский государственный гуманитарно-педагогический университет им. В. М. Шукшина, Бийский филиал им. В. М. Шукшина
c Ответственность под общей редакцией И. А. Кудрейко
n Номер части/ раздела Т. 3
256 Характеристики компьютерного файла __
a Характеристики компьютерного файла Электрон. текстовые дан. (1 файл : 3,37 МБ)
260 Выходные данные __
a Место издания Донецк
b Издательство Изд-во ДонГУ
c Дата издания 2025
300 Физическое описание __
a Объем Электрон. дан. (1 файл)
336 Вид содержания __
a Термин вида содержания Текст
337 Средство доступа __
a Термин типа средства электронный
500 Примечания __
a Примечание Режим доступа: Электронный каталог библиотеки. - Загл. с титула экрана. - Электрон. копия печ. версии
504 Библиография __
a Библиография Библиогр. в конце докл.
520 Аннотация 0_
a Аннотация В третий том материалов ІV Международной научно-практической конференции «Современный учитель: профессиональная компетентность и социальная значимость» вошли исследования по актуальным проблемам образования и педагогических наук. Обсуждается широкий круг вопросов, связанный с актуальностью проблем цифровизации образования и применения информационно-коммуникационных технологий, использования возможностей искусственного интеллекта и веб-ресурсов, развития цифровой грамотности и др. в профессиональной деятельности педагога. Освещенные в сборнике проблемы и направления их решения будут полезны научным работникам, преподавателям, студентам, аспирантам и докторантам, проводящим исследования в области образования и педагогических наук.
650 Тематические рубрики 14
a Предметная рубрика ОБРАЗОВАНИЕ
650 Тематические рубрики 04
a Предметная рубрика ЭЛЕКТРОННАЯ БИБЛИОТЕКА
653 Ключевые слова 0_
a Ключевые слова ОБРАЗОВАНИЕ; ПЕДАГОГИКА; ПЕДАГОГИЧЕСКАЯ ДЕЯТЕЛЬНОСТЬ; ЦИФРОВЫЕ ТЕХНОЛОГИИ; ИНФОРМАЦИОННО-КОММУНИКАЦИОННЫЕ ТЕХНОЛОГИИ; ИСКУССТВЕННЫЙ ИНТЕЛЛЕКТ; КОНФЕРЕНЦИИ
700 Другие авторы 12
a Другие авторы Кудрейко И.А.
e Роль лиц Редактор
901 Тип документа __
t Тип документа m
952 Тип литературы __
a Тип литературы для КСУ ВШ ЭКН
999 Фонд __
a Фонд Книгообмен 2026 ЭР